| 000 | 00410nam a2200157 a 4500 | ||
|---|---|---|---|
| 005 | 20140412111237.0 | ||
| 008 | 010321s19uu xx 00 eng d | ||
| 050 |
_aM 574.92 _bMa323 1986 |
||
| 245 | _aMarine life. | ||
| 260 |
_aTokyo : _bFroebel-kan co., Ltd, _c1986. |
||
| 300 | _a1 v. (unp.) ; ill. | ||
| 440 | _aMy Picture Library | ||
| 650 | _aSea creatures | ||
| 650 | _aPicture book | ||
| 999 |
_c102502 _d102502 |
||